| 000 | 00596nam a22001577a 4500 | ||
|---|---|---|---|
| 999 |
_c13923 _d13923 |
||
| 008 | 190517b ||||| |||| 00| 0 eng d | ||
| 082 |
_22018 _aUT 1316 _bB44 |
||
| 100 |
_aBelleza, Jacky Rose. _938769 |
||
| 245 |
_aSecond language anxiety and academic achievement among english major students / _cJacky Jose Belleza, Rinah Flor O. Nunez, and _hJeavy M. Zamora. |
||
| 260 |
_aDigos City: _bUMDC, _cNovember 2018. |
||
| 300 |
_a39 pages; _c30 cm. |
||
| 650 |
_aEnglish _xUndergraduate thesis. _938742 |
||
| 700 |
_aNunez, Rinah Flor O. _938770 |
||
| 700 |
_aZamora, Jeavy M. _938771 |
||
| 942 |
_2ddc _cUT |
||